000 03202cas a22004095a 4500
001 ##L129931
008 050606c1997 xxkqr p 0 a0eng u
022 _a1465-1017
035 _a(Sirsi) u129931
041 0 _aeng
110 2 _aRoyal Institution of Chartered Surveyors
_94900
240 0 0 _aRICS Residential Lettings Survey Great Britain
245 0 0 _aRICS Residential Lettings Market Survey
_h[electronic resource]
260 _aLondon
_bRICS
_c1997-
362 0 _aLondon: August/October 1997-
362 0 _aEdinburgh: November 1997-
520 _aQuarterly survey of RICS members' opinions providing details of tenant demand, including for flats and houses and by type of tenant. News instructions are reported in the same way. Examines past rents, rent expectations, monthly rents and gross yields. Gives regional figures and a summary of market comments from chartered surveyors. Covers England, Wales and Scotland.
520 _aIssues from 2005 - 2012 are catalogued individually.
554 _aFour per year
650 2 4 _aRICS RESIDENTIAL LETTINGS SURVEY GREAT BRITAIN
651 4 _aGreat Britain
_y1707-
690 _aPROPERTY-RESIDENTIAL PROPERTY-RESIDENTIAL PROPERTY MARKET
856 4 8 _auhttp://
_zView the lettings survey - October 2004 free of charge at www.rics.org...
_uhttps://www.rics.org/Global/Downloads/ResidentialLettingsSurvey200407.pdf
856 4 8 _uhttps://www.rics.org/Global/Downloads/ResidentialLettingsSurvey200401.pdf
_zView the lettings survey - October 2004 free of charge at www.rics.org...
856 4 8 _uhttps://www.rics.org/Global/Downloads/ResidentialLettingsSurvey200310.pdf
_zView the lettings survey - July 2004 free of charge at www.rics.org...
856 4 8 _uhttps://www.rics.org/Global/Downloads/ResidentialLettingsSurvey200307.pdf
_zView the lettings survey - January 2004 free of charge at www.rics.org...
856 4 8 _uhttps://www.rics.org/Global/Downloads/ResidentialLettingsSurvey200304.pdf
_zView the lettings survey - October 2003 free of charge at www.rics.org...
856 4 8 _uhttps://www.rics.org/Global/Downloads/ResidentialLettingsSurvey200301.pdf
_zView the lettings survey - July 2003 free of charge at www.rics.org...
856 4 8 _uhttps://www.rics.org/Global/Downloads/ResidentialLettingsSurvey200210.pdf
_zView the lettings survey - April 2003 free of charge at www.rics.org...
856 4 8 _uhttps://www.rics.org/Global/Downloads/ResidentialLettingsSurvey200207.pdf
_zView the lettings survey - January 2003 free of charge at www.rics.org...
856 4 8 _uhttps://www.rics.org/Global/Downloads/ResidentialLettingsSurvey200204.pdf
_zView the lettings survey - October 2002 free of charge at www.rics.org...
856 4 8 _uhttps://www.rics.org/Global/Downloads/LettingsMarketSurvey200201.pdf
_zView the lettings survey - July 2002 free of charge at www.rics.org...
856 4 8 _uhttps://www.rics.org/Global/Downloads/LettingsMarketSurvey200110.pdf
_zView the lettings survey - April 2002 free of charge at www.rics.org...
856 4 8 _u
_zView the lettings survey - January 2002 free of charge at www.rics.org...
856 4 8 _u
_zView the lettings survey - October 2001 free of charge at www.rics.org...
942 _n0
999 _c118804
_d118804